[Event "I LIGA CS 2017"]
[Site "?"]
[Date "2017.09.24"]
[Round "11"]
[White "Radusinovic, Lazar"]
[Black "Tosic, Nebojsa"]
[Result "1-0"]
[WhiteElo "2316"]
[BlackElo "2153"]
[PlyCount "148"]

1. d4 d5 2. Nf3 Nf6 3. g3 h6 4. Bg2 Bf5 5. O-O e6 6. c4 c6 7. Qb3 b6 8. Nc3 Be7
9. Ne5 O-O 10. Rd1 a6 11. h3 Ra7 12. a3 Bh7 13. Qa4 b5 14. cxb5 cxb5 15. Qb3
Nfd7 16. Nxd7 Rxd7 17. Qa2 Nc6 18. b4 Bf6 19. Be3 Qb6 20. Qd2 a5 21. a4 axb4
22. Nxb5 b3 23. Qb2 Bc2 24. Rdc1 Na5 25. Na3 Bg6 26. Nb5 Rfd8 27. Rc3 Be7 28.
Bf4 Bb4 29. Rcc1 Bc2 30. Rxc2 bxc2 31. Qxb4 Rc8 32. Bd2 Rc4 33. Qb2 Rdc7 34.
Bf1 Rb7 35. e3 Rc6 36. Bc3 Rb8 37. Qxc2 Rbc8 38. Qd3 Nc4 39. Bb4 Rb8 40. e4 Qa6
41. Bc5 Qa5 42. exd5 exd5 43. Qb3 Rf6 44. Bxc4 dxc4 45. Qxc4 h5 46. h4 Re8 47.
Qd3 Re1+ 48. Rxe1 Qxe1+ 49. Qf1 Qd2 50. Nc7 g5 51. hxg5 Rf5 52. d5 h4 53. Be3
Qc2 54. Qc1 Qe4 55. gxh4 Rf3 56. Qc6 Qg4+ 57. Kf1 Rh3 58. Qe8+ Kg7 59. Ne6+
fxe6 60. Qe7+ Kg8 61. Qxe6+ Qxe6 62. dxe6 Rxh4 63. f4 Rh1+ 64. Kg2 Ra1 65. Kf3
Rxa4 66. f5 Rc4 67. Bf4 Rc6 68. Be5 Ra6 69. Ke4 Ra4+ 70. Bd4 Ra5 71. g6 Ra6 72.
Kf4 Rc6 73. f6 Rxe6 74. f7+ Kf8 1-0

[Event "I LIGA CS 2017"]
[Site "?"]
[Date "2017.09.24"]
[Round "11"]
[White "Gajic, Mladen"]
[Black "Parligras, Mircea Emilian"]
[Result "1-0"]
[WhiteElo "2287"]
[BlackElo "2614"]
[PlyCount "135"]

1. d4 d5 2. Nf3 Nf6 3. e3 Bf5 4. Bd3 Bg6 5. O-O e6 6. Qe2 Nbd7 7. Nbd2 Ne4 8.
Ne5 Nxe5 9. dxe5 c6 10. Bxe4 dxe4 11. Nc4 Qg5 12. Qd2 Bh5 13. Kh1 Rd8 14. Nd6+
Bxd6 15. exd6 c5 16. Qa5 O-O 17. b4 b6 18. Qxa7 Rxd6 19. Ba3 e5 20. Qb7 f5 21.
bxc5 bxc5 22. Bxc5 Rg6 23. Rg1 Re8 24. Qd5+ Kh8 25. Rab1 Rh6 26. Qd7 Bg6 27. g4
fxg4 28. Rg2 Bh5 29. a4 Rg8 30. a5 Ra6 31. Bb6 Raa8 32. c4 Rgf8 33. c5 Qh6 34.
Qd5 Rae8 35. Rb2 Bf7 36. Qd1 Bc4 37. Qxg4 Rf7 38. h4 Qc6 39. Rd2 Bd3 40. Kh2
Ref8 41. Qg3 Re8 42. a6 Bxa6 43. Rd6 Qb5 44. Qg5 Bc8 45. h5 Bf5 46. h6 g6 47.
Rf6 Qd7 48. c6 Qe7 49. Bd8 Qf8 50. c7 Bc8 51. Rg1 Kg8 52. Rd1 Re6 53. Rxf7 Qxf7
54. Kg1 Qf3 55. Ra1 Kf7 56. Rb1 Bd7 57. Rb8 Qd1+ 58. Kh2 Qc2 59. Qg3 g5 60.
Bxg5 Rg6 61. Rh8 Qxc7 62. Rxh7+ Kg8 63. Re7 Qd6 64. h7+ Kh8 65. Qh4 Bc6 66. Rf7
Be8 67. Bf6+ Rxf6 68. Qxf6+ 1-0

[Event "I LIGA CS 2017"]
[Site "?"]
[Date "2017.09.24"]
[Round "11"]
[White "Zajic, Milan"]
[Black "Savicevic, Vlatko"]
[Result "1-0"]
[WhiteElo "2479"]
[BlackElo "2356"]
[PlyCount "81"]

1. e4 d6 2. d4 Nf6 3. Nc3 g6 4. Nf3 Bg7 5. h3 O-O 6. Be3 c6 7. a4 Nbd7 8. Be2
e5 9. dxe5 dxe5 10. Qd6 Re8 11. Bc4 Qe7 12. Qxe7 Rxe7 13. O-O-O Bf8 14. Ba2 Kg7
15. Ne1 Re8 16. Nd3 b6 17. b4 Bb7 18. f3 Rac8 19. Kb2 Ba6 20. g4 Nb8 21. Nxe5
Rxe5 22. Bd4 Nfd7 23. f4 c5 24. bxc5 Bxc5 25. fxe5 Bxd4 26. Rxd4 Nxe5 27. Nb5
Nbc6 28. Rdd1 Bxb5 29. axb5 Ne7 30. Rd4 Rc5 31. Rb4 Rc7 32. Bd5 Kh6 33. Rf1 Kg5
34. Bxf7 Kh4 35. Rb3 Nc8 36. Bd5 Nd6 37. Rf6 Ndc4+ 38. Bxc4 Rxc4 39. Re6 Rxe4
40. Ka2 Re1 41. Ra3 1-0

[Event "I LIGA CS 2017"]
[Site "?"]
[Date "2017.09.24"]
[Round "11"]
[White "Biljanic, Ljubomir"]
[Black "Perunovic, Miodrag"]
[Result "1-0"]
[WhiteElo "2243"]
[BlackElo "2435"]
[PlyCount "83"]

1. d4 Nf6 2. c4 e6 3. Nf3 b6 4. a3 Bb7 5. Nc3 g6 6. Qd3 d6 7. e4 Nbd7 8. Be2
Bg7 9. O-O O-O 10. Qc2 c5 11. d5 exd5 12. cxd5 a6 13. a4 Nh5 14. Ng5 h6 15. Nf3
Bc8 16. Nd2 Nf4 17. Nc4 Nxe2+ 18. Qxe2 Ne5 19. Nxe5 Bxe5 20. f4 Bg7 21. f5 Re8
22. f6 Bxf6 23. Bxh6 Bd4+ 24. Kh1 Qh4 25. Bf4 Bg4 26. Qd3 Rad8 27. Qxa6 Kg7 28.
Qxb6 g5 29. Bxd6 Rxd6 30. Qxd6 Be5 31. g3 Qh5 32. Qxc5 Bxg3 33. Qg1 Be5 34. Rf2
Rh8 35. Raf1 f6 36. d6 Bh3 37. Rd1 Rd8 38. Rd5 Bg4 39. Qg2 Bxd6 40. e5 fxe5 41.
Ne4 Rc8 42. h3 1-0

[Event "I LIGA CS 2017"]
[Site "?"]
[Date "2017.09.24"]
[Round "11"]
[White "Radovanovic, Dusan"]
[Black "Djosic, Slavoljub"]
[Result "0-1"]
[WhiteElo "2327"]
[BlackElo "2296"]
[PlyCount "80"]

1. e4 d6 2. d4 g6 3. Nc3 Bg7 4. f4 a6 5. Nf3 b5 6. Bd3 Bb7 7. a4 b4 8. Ne2 Nd7
9. O-O Ngf6 10. Ng3 e5 11. c3 bxc3 12. bxc3 exd4 13. cxd4 O-O 14. f5 c5 15. Rb1
Qc7 16. fxg6 hxg6 17. d5 c4 18. Bc2 Ng4 19. Ng5 Nge5 20. Be3 Nc5 21. Kh1 Bc8
22. Nf5 f6 23. Bxc5 gxf5 24. Bb6 Qe7 25. Ne6 Bxe6 26. dxe6 f4 27. Rxf4 Qxe6 28.
Qd5 Qxd5 29. exd5 Bh6 30. Rff1 Ng4 31. Bf5 Ne3 32. Be6+ Kh8 33. Rf3 Rab8 34. a5
c3 35. Rg1 Nc4 36. Bd4 c2 37. Rxf6 Rxf6 38. Bxf6+ Bg7 39. Bg5 Bd4 40. Rc1 Be3
0-1

[Event "I LIGA CS 2017"]
[Site "?"]
[Date "2017.09.24"]
[Round "11"]
[White "Rajevic, Gavrilo"]
[Black "Pavlovic, Dejan S"]
[Result "0-1"]
[WhiteElo "2260"]
[BlackElo "2405"]
[PlyCount "72"]

1. e4 c5 2. Nf3 Nc6 3. d4 cxd4 4. Nxd4 e5 5. Nb5 d6 6. N1c3 a6 7. Na3 b5 8. Nd5
Nge7 9. c4 Nd4 10. Be3 Nxd5 11. cxd5 Be7 12. Bd3 O-O 13. O-O f5 14. Bxd4 exd4
15. Nc2 Qb6 16. Qd2 Bb7 17. Nb4 f4 18. Rfc1 f3 19. Nc6 Bxc6 20. Rxc6 Qd8 21. g3
Bf6 22. a4 Be5 23. Bf1 Qd7 24. Qd3 bxa4 25. Rxa4 a5 26. Rac4 Rab8 27. Rc2 h5
28. Rc7 Qg4 29. Re7 h4 30. Re6 a4 31. Qa3 hxg3 32. hxg3 Rb3 33. Qxa4 Bxg3 34.
fxg3 Qxg3+ 35. Kh1 f2 36. Rg6 Qh4+ 0-1

[Event "I LIGA CS 2017"]
[Site "?"]
[Date "2017.09.24"]
[Round "11"]
[White "Adzic, Momcilo"]
[Black "Radivojevic, Ivan"]
[Result "1-0"]
[WhiteElo "2356"]
[BlackElo "2250"]
[PlyCount "120"]

1. e4 e5 2. Bc4 d6 3. Nf3 Be7 4. d3 Nf6 5. Nbd2 O-O 6. Nf1 c6 7. Ng3 d5 8. exd5
cxd5 9. Bb3 Nc6 10. O-O h6 11. c3 Re8 12. Nh4 Bf8 13. Nhf5 Be6 14. d4 Kh7 15.
dxe5 Nxe5 16. Nd4 Bd7 17. Nh5 Nxh5 18. Bxd5 Nf6 19. Bxb7 Rb8 20. Ba6 Kg8 21. h3
Qb6 22. Be2 Rbd8 23. Qc2 Nd5 24. Rd1 Bc5 25. Bf1 Qf6 26. c4 Nf4 27. Be3 Bc8 28.
Qc3 a5 29. Nc2 Bxe3 30. fxe3 Nfg6 31. Qxa5 Qg5 32. Kh1 Bf5 33. Nd4 Be4 34. Qe1
Nh4 35. Qf2 Neg6 36. b4 Rd6 37. Nf3 Qf6 38. Rxd6 Qxa1 39. Nxh4 Nxh4 40. Kh2 Nf5
41. Rd2 Qc3 42. b5 Nxe3 43. Rd7 f5 44. a4 Re6 45. Be2 Rg6 46. g3 Qa1 47. Qg1
Qa3 48. Qf2 Qc5 49. Qf4 Kh7 50. a5 Qa3 51. Qf2 Qc5 52. Qf4 Ng2 53. Qf1 Qe3 54.
Bf3 Ne1 55. Bxe4 Qxg3+ 56. Kh1 fxe4 57. Rd2 Rf6 58. Qg1 Qxh3+ 59. Rh2 Qf3+ 60.
Rg2 Nxg2 1-0